| 000 | 00539cam a22002171 4500 | ||
|---|---|---|---|
| 001 | sa 68017521 | ||
| 003 | DLC | ||
| 005 | 20260227112703.0 | ||
| 008 | 781227s1967 io 000 0 ind | ||
| 010 | _asa 68017521 | ||
| 035 | _a(OCoLC)4508433 | ||
| 040 |
_aDLC _cOAU _dDLC |
||
| 042 | _apremarc | ||
| 050 | 0 | 0 |
_aBP173.4 _b.R36 |
| 100 | 1 | _aRani, A. N. | |
| 245 | 1 | 0 |
_aWanita dalam Islam, _coleh A. N. Rani. |
| 250 | _a[Tjet. 1.] | ||
| 260 |
_aSurabaja, _bRadja-Pena _c[1967] |
||
| 300 |
_a16 p. _c18 cm. |
||
| 650 | 0 | _aWomen in Islam. | |
| 999 |
_c87769 _d87769 |
||